| 000 | 00653nam a22001937a 4500 | ||
|---|---|---|---|
| 999 |
_c13570 _d13570 |
||
| 003 | AR-CdUCM | ||
| 008 | 190415b ||||| |||| 00| 0 spa d | ||
| 040 |
_aMUNICIPALIDAD PROVINCIAL DEL CUSCO _cBIBLIOTECA MUNICIPAL DEL CUSCO |
||
| 082 |
_a808.51 / _bJ15 |
||
| 100 |
_aJagot, Paul C. _923707 |
||
| 245 |
_aLa Educación de la Palabra : _bEn la vida privada, en los negocios, en público / |
||
| 260 |
_aBuenos Aires: _c1953. _bTor ; |
||
| 300 |
_a184 páginas ; _c18cm |
||
| 505 | _aContenido: Método práctico de influencia personal | ||
| 650 |
_aEducación _9460 |
||
| 650 |
_aNegocios _9825 |
||
| 942 |
_2ddc _cLIBROS |
||
| 945 |
_anom _d2019-04-15 |
||